तीसरे रास्ते के मुसाफिर / (Record no. 69779)

MARC details
000 -LEADER
fixed length control field 01337nam a22002777a 4500
005 - DATE AND TIME OF LATEST TRANSACTION
control field 20110426154449.0
008 - FIXED-LENGTH DATA ELEMENTS--GENERAL INFORMATION
fixed length control field 090408t xxu||||| |||| 00| 0 hin d
010 ## - LCCN (DPL NO)
LC control number HIN-96621
020 ## - INTERNATIONAL STANDARD BOOK NUMBER
International Standard Book Number 9788180422478
Terms of availability 200.00
035 ## - SYSTEM CONTROL NUMBER
System control number HN-68967
037 ## - SOURCE OF ACQUISITION
Source of stock number/acquisition DBAD / PUB
040 ## - CATALOGING SOURCE
Original cataloging agency DPL
Language of cataloging HN
082 ## - DEWEY DECIMAL CLASSIFICATION NUMBER
Classification number
100 ## - MAIN ENTRY--PERSONAL NAME
9 (RLIN) 27482
Personal name बानो सरताज
245 ## - TITLE STATEMENT
Title तीसरे रास्ते के मुसाफिर /
Statement of responsibility, etc बानो सरताज
Medium कहानी संकलन
260 ## - PUBLICATION, DISTRIBUTION, ETC. (IMPRINT)
Place of publication, distribution, etc नई दिल्ली
Name of publisher, distributor, etc माडर्न पब्लिशिंग
Date of publication, distribution, etc 2012
270 ## - ADDRESS
Address 9, गोला मार्केट,दरिया गंज
City नई दिल्ली
Postal code 110002
Telephone number 01123278869, 931256664
Electronic mail address VIJAYBOOKS@YAHOO.COM
300 ## - PHYSICAL DESCRIPTION
Extent 224पृ
Dimensions 22 सेमी (सजिल्द)
650 ## - SUBJECT ADDED ENTRY--TOPICAL TERM
9 (RLIN) 1169
Topical term or geographic name as entry element हिन्दी कथा संग्रह
650 ## - SUBJECT ADDED ENTRY--TOPICAL TERM
9 (RLIN) 1170
700 ## - ADDED ENTRY--PERSONAL NAME
9 (RLIN) 27483
710 ## - ADDED ENTRY--CORPORATE NAME
9 (RLIN) 52094
942 ## - ADDED ENTRY ELEMENTS (KOHA)
Institution code [OBSOLETE] dpl
Item type Hindi Books
Source of classification or shelving scheme Dewey Decimal Classification
Call number suffix बानोस
Classification part
Holdings
Withdrawn status Lost status Source of classification or shelving scheme Damaged status Not for loan Collection code Home library Current library Date acquired Source of acquisition Cost, normal purchase price Total Checkouts Full call number Barcode Date last seen Copy number Cost, replacement price Koha item type
    Dewey Decimal Classification   Not For Loan Fiction D.B.Act.Division D.B.Act.Division 07/09/2012 DBAB/PUB 200.00   क बानोस HN-68967 07/09/2012 1 200.00 Hindi Books

© Delhi Public Library
Hit Counter
free hit counter